000 01191nam a2200277 a 4500
001 000485994
003 AM-YeHGA
005 20250618072618.0
008 060428s1902 ai r 000 0 arm d
040 _aAM-YeHGA
041 0 _aarm
245 0 0 _aԺամագիրք Հայաստանեայց Ս. եկեղեցիոյ /
_cԱրարեալ Սրբոյ թարգմանչացն մերոց Սահակայ եւ Մեսրովբայ եւ Երանելի Հայրապետացն մերոց Գիտոյ եւ Յովհաննու Մանդակունւոյ եւ Սրբոյն Ներսես Շնորհալւոյ.
250 _a4-րդ տպ.
260 _aՎաղարշապատ :
_bտպ. Մայր Աթոռոյ Ս. Էջմիածնի,
_c1902.
300 _a578 էջ
650 1 4 _aՀայ եկեղեցի
650 1 4 _aԺամագիրք
_94501
653 0 _aՀայ եկեղեցի - Ժամագիրք
700 0 _aՍահակ Պարթև,
_d348-439
_94900
700 0 _aՄեսրոպ Մաշտոց,
_d362-440
_94901
700 1 _aՄանդակունի, Գիւտ
700 0 _aՀովհան Մանդակունի
_d403-490
700 0 _aՆերսես Շնորհալի,
_d1100-1173
_93346
942 _2udc
_cBK
090 _c180250
999 _c178803
_d178803